000 00837nam a2200217Ii 4500
003 JO-AjNU
008 230605s9999||||xx |||||||||||||| ||und||
017 _a2003/5/912
040 _aJO-AjNU
_bara
_erda
_cJO-AjNU
041 _aara
050 1 4 _aDS38.1.Z346 2015
100 3 _aتاليف الزيدي، مفيد,
_eauthor
_960310
245 0 0 _aموسوعة التاريخ الاسلامي: العصر المملوكي(648-923هـ / 1258-1517م)
250 _aط1
264 3 1 _aعمان: دار اسامة للنشر والتوزيع، 2015
300 _a320ص
_bطبعة مزيدة ومنقحة
336 _atext
_btxt
_2rdacontent
337 _aunmediated
_bn
_2rdamedia
338 _avolume
_bnc
_2rdacarrier
650 4 _aالتاريخ الاسلامي-المماليك1250-1517-تاريخ العرب-الموسوعات
_960311
999 _aA27188
_c30756
_d30756